Pravoslávie a jednota

Bibliographic Details
Main Author: Horkaj, Štefan (Author)
Format: Article
Language:Slovak
Subjects:

MARC

LEADER 00000nab a2200000 a 4500
001 vtls000778573
003 SK-MaSNL
005 20260302152502.0
008 180205c2001 xo 0 slo
015 |a SNBRB2002/01-01254 
035 |a CLN000130352 
040 |a SNKBUCL  |b slo  |c SNKBUCL  |e AACR2 
041 0 |a slo 
044 |a xo  |c SK 
080 |a 281.93:282(091)  |2 UDC-MRF-SK2 
100 1 |a Horkaj, Štefan  |4 aut  |9 622250 
245 1 0 |a Pravoslávie a jednota  |c Štefan Horkaj 
300 |b Obr. 
500 |a Dokončenie 
610 7 |a Pravoslávna cirkev  |x Rímskokatolícka cirkev  |2 snkbucl  |9 845890 
655 7 |a články z novín a časopisov  |2 snkbucl  |9 267496 
773 0 |x 0139-9012  |t Odkaz sv. Cyrila a Metoda  |g Roč. 47, č. 12 (2001), s. 13-15 
850 |a Slovenská národná knižnica v Martine 
852 |a SNK  |b KIS3GCP 
958 |a RBX 
999 |c 1362721  |d 1364651